| 000 | 00534nam a2200229Ia 4500 | ||
|---|---|---|---|
| 008 | 210210b1962 xxu||||| |||| 00| 0 eng d | ||
| 041 | _aeng | ||
| 082 | _a330/293 | ||
| 100 | _aMISHRA (V) | ||
| 245 | _aGrowth multiplier and a general theory of economic growth | ||
| 260 |
_aBombay _bAsia Publishing House _c1962 |
||
| 650 | _atheory | ||
| 650 | _aof | ||
| 650 | _amultiplier | ||
| 650 | _aGrowth | ||
| 650 | _ageneral | ||
| 650 | _aeconomic | ||
| 650 | _aand | ||
| 650 | _aa | ||
| 690 | _aEconomics | ||
| 906 | _a003696 | ||
| 999 |
_c120247 _d120247 |
||